000 00524nam a22001817a 4500
005 20251108172710.0
008 250721s2002 xx 000 0 ara d
082 1 4 _a210.3/مار
100 1 _aمارديني، عبد الرحيم
_eمؤلف
245 1 0 _aالموسوعة الإسلامية /
264 1 _aدمشق :
_bدار المحبة،
_c2002.
300 _a315ص
650 1 7 _aالإسلام
650 1 7 _aالأسئلة والأجوبة
650 1 7 _aالموسوعات
942 _2ddc
_cBK
999 _c86245
_d86245